000
00255nam a22001097a 4500
008
160614b xxu||||| |||| 00| 0 eng d
020
_a
0801611563
041
_a
eng
080
_a
618.2
245
_a
Pro-nurse handbook:
_c
Melodie Chenevert.
942
_2
udc
_c
BK
999
_c
2501
_d
2501